|
|
|
|
| LEADER |
00000cam a2200000 a 4500 |
| 001 |
vtls011703845 |
| 003 |
SK-MaSNL |
| 005 |
20260301094244.0 |
| 008 |
240318s2017 xo g 000 f slo |
| 015 |
|
|
|a SNBA2017/10
|
| 020 |
|
|
|a 9788055157245
|q (viaz.)
|
| 035 |
|
|
|a urn:nbn:sk:snk-am00d03i
|
| 035 |
|
|
|a urn:nbn:sk:snk-am3hh3c
|
| 035 |
|
|
|a 291F0233-33AA-412A-A8E1-16513DD0F41E
|
| 040 |
|
|
|a SNK
|b slo
|c SNK
|e AACR2
|
| 041 |
0 |
|
|a slo
|
| 044 |
|
|
|a xo
|c SK
|
| 072 |
|
7 |
|a 821.162.4-3
|x Slovenská próza
|2 konspekt
|
| 080 |
|
|
|a 821.162.4-31
|2 2011
|
| 100 |
1 |
|
|a Elias, Eli
|4 aut
|9 406951
|
| 245 |
1 |
0 |
|a Zdochnuté srdce
|c Eli Elias
|
| 250 |
|
|
|a 2. vyd.
|
| 260 |
|
|
|a Bratislava
|b Ikar
|c 2017
|
| 300 |
|
|
|a 165 s.
|c 20 cm
|
| 655 |
|
7 |
|a slovenské romány
|2 SNKPH
|9 70324
|
| 655 |
|
7 |
|a Slovak fiction
|2 SNKPHeng
|9 277096
|
| 852 |
|
|
|a Štátna vedecká knižnica v Banskej Bystrici
|
| 919 |
|
|
|a 978-80-551-5724-5
|
| 958 |
|
|
|a LX
|
| 999 |
|
|
|c 679721
|d 681651
|
| 952 |
|
|
|a SNK
|b SNK
|y PREZ
|7 0
|p 17A1271193
|o snkSC 176153
|i snk2017/20029
|8 0
|0 0
|1 0
|4 0
|d 2017-09-14
|f 1
|l 0
|r 2025-09-17 00:00:00
|w 2026-02-23
|
| 952 |
|
|
|a SNK
|b SNK
|y PREZ
|7 0
|p 17A1272332
|o snkSC 176153 D1
|i snk2017/21207
|8 0
|0 0
|1 0
|4 0
|d 2017-10-03
|l 0
|r 2026-02-23 19:53:28
|w 2026-02-23
|